Standard handbook for mechanical engineers

Сохранить в:
Библиографические подробности
Главный автор: Marks, Lionel Simeon, 1871-1955
Формат:
Язык:English
Опубликовано: New York, New York : McGraw-Hill, c1941.
Предметы:
Метки: Добавить метку
Нет меток, Требуется 1-ая метка записи!

MARC

LEADER 00000nam a2200000Ia 4500
003 000237
005 20221231144005.0
008 140114s1978 nyua 000 ||eng d
040 |c cru CEDI 
082 |a 621.02 M294m 
100 |a Marks, Lionel Simeon, 1871-1955  |9 19506 
245 |a Standard handbook for mechanical engineers  
260 |a New York, New York : McGraw-Hill,   |c c1941. 
300 |a 2274 páginas, ilustraciones 
650 |x INGENIERÍA MECÁNICA - MANUALES  |9 19507 
942 |2 ddc  |c BK 
999 |c 15270  |d 15270